Ginecología y obstetricia : (Registro nro. 23630)

Detalles MARC
000 -LEADER
fixed length control field 01681nam a2200421 4500
001 - CONTROL NUMBER
control field 0000023759
003 - CONTROL NUMBER IDENTIFIER
control field CO-CtgCURN
005 - DATE AND TIME OF LATEST TRANSACTION
control field 20250331185233.0
007 - PHYSICAL DESCRIPTION FIXED FIELD--GENERAL INFORMATION
fixed length control field ta
008 - FIXED-LENGTH DATA ELEMENTS--GENERAL INFORMATION
fixed length control field 160627s2011 000 0 eng d
020 ## - INTERNATIONAL STANDARD BOOK NUMBER
International Standard Book Number 9786074480801
040 ## - CATALOGING SOURCE
Original cataloging agency CO-CtgCURN
Language of cataloging spa
Transcribing agency coctgcurn
082 0# - DEWEY DECIMAL CLASSIFICATION NUMBER
Classification number 618
Item number H118
100 1# - MAIN ENTRY--PERSONAL NAME
Personal name Hacker, Neville F.
245 10 - TITLE STATEMENT
Title Ginecología y obstetricia :
Remainder of title de Hacker y Moore /
Statement of responsibility, etc. Neville F. Hacker ; Joseph C. Gambone, Calvin J. Hobel , traducción Martha Elena Araiza Martínez , Revision tecnica Ernesto de Jesus Hernández Alvarez ,Editor José Luis Morales Saavedra.
250 ## - EDITION STATEMENT
Edition statement 5a ed.
260 ## - PUBLICATION, DISTRIBUTION, ETC.
Place of publication, distribution, etc. Mexico :
Name of publisher, distributor, etc. Manual moderno,
Date of publication, distribution, etc. 2011.
300 ## - PHYSICAL DESCRIPTION
Extent xvi, 476 p.
336 ## - CONTENT TYPE
Source rdacontent
337 ## - MEDIA TYPE
Source rdamedia
Media type term sin mediacion
Media type code n
338 ## - CARRIER TYPE
Source rdacarrier
Carrier type term volumen
Carrier type code nc
504 ## - BIBLIOGRAPHY, ETC. NOTE
Bibliography, etc. note Incluye indice.
505 8# - FORMATTED CONTENTS NOTE
Formatted contents note Introducción -- Obstetricia -- Ginecología -- Endocrinología reproductiva e infertilidad -- Oncología ginecologica
534 ## - ORIGINAL VERSION NOTE
Main entry of original Titulo original : Hackers and esentials of obstetrics and ginecology.
650 14 - SUBJECT ADDED ENTRY--TOPICAL TERM
Topical term or geographic name entry element Ginecología
General subdivision Diagnostico.
650 14 - SUBJECT ADDED ENTRY--TOPICAL TERM
Topical term or geographic name entry element Obstetricia
General subdivision Diagnostico.
650 14 - SUBJECT ADDED ENTRY--TOPICAL TERM
Topical term or geographic name entry element Aparato genital
General subdivision Enfermedades.
650 14 - SUBJECT ADDED ENTRY--TOPICAL TERM
Topical term or geographic name entry element Mujeres
General subdivision Enfermedades.
700 1# - ADDED ENTRY--PERSONAL NAME
Personal name Gambone, Joseph H.
700 1# - ADDED ENTRY--PERSONAL NAME
Personal name Hobel, Calvin J.
908 ## - PUT COMMAND PARAMETER (RLIN)
Put command parameter 160627
942 ## - ADDED ENTRY ELEMENTS (KOHA)
Koha item type Libros
Classification part 618
Item part H118
Source of classification or shelving scheme Dewey Decimal Classification
Existencias
Withdrawn status Lost status Source of classification or shelving scheme Damaged status Not for loan Collection Home library Current library Shelving location Date acquired Inventory number Total checkouts Full call number Barcode Date last seen Copy number Price effective from Koha item type Public note Date last checked out
    Dewey Decimal Classification     General Miguel Henríquez Emiliani Miguel Henríquez Emiliani General 03/31/2025 017276   618 H118 017276 03/31/2025 ej.1 03/31/2025 Libros 610-CIENME  
    Dewey Decimal Classification     General Miguel Henríquez Emiliani Miguel Henríquez Emiliani General 03/31/2025 017277   618 H118 017277 03/31/2025 ej.2 03/31/2025 Libros 610-CIENME  
    Dewey Decimal Classification     General Miguel Henríquez Emiliani Miguel Henríquez Emiliani General 03/31/2025 017278 1 618 H118 017278 05/02/2025 ej.3 03/31/2025 Libros 610-CIENME 04/24/2025
    Dewey Decimal Classification     General Miguel Henríquez Emiliani Miguel Henríquez Emiliani General 03/31/2025 017279   618 H118 017279 03/31/2025 ej.4 03/31/2025 Libros 610-CIENME  
    Dewey Decimal Classification     General Miguel Henríquez Emiliani Miguel Henríquez Emiliani General 03/31/2025 017280   618 H118 017280 03/31/2025 ej.5 03/31/2025 Libros 610-CIENME